Paroles - Jack Fuego (SDM ft PLK) - Statistiques

Statistiques générales
  • Ce quiz a été pris 277 fois
    276 depuis la dernière actualisation
  • Le résultat moyen est 272 sur 446
Statistiques - réponses
Paroles % Correct
Fuego
97%
Jack
96%
à
94%
a
94%
de
94%
en
94%
En
94%
et
91%
Un
91%
un
91%
mon
90%
Mon
90%
ken
89%
le
88%
Le
88%
juste
87%
envie
86%
J'ai
86%
j'ai
86%
sur
86%
du
85%
je
83%
appel
82%
Inn
81%
la
81%
La
81%
phone
79%
problème
78%
ce
77%
début
76%
d'un
76%
pour
75%
phone-tél
74%
dans
73%
entrant
73%
l'hôtel
73%
une
73%
Une
73%
Mais
72%
reste
72%
les
71%
plus
71%
Plus
71%
Sûrement
71%
va
70%
ça
69%
on
69%
pas
69%
soir
68%
d'tiser
67%
rester
67%
fini
66%
si
66%
Si
66%
Coca
65%
casse
63%
faire
63%
au
62%
Rajoute
62%
j'préfère
61%
quand
61%
il
60%
des
59%
veux
59%
Bébé
58%
cou
58%
se
58%
verre
58%
bien
57%
ravi
56%
Sous
56%
elle
55%
Elle
55%
j'aurai
55%
j'dois
55%
lit
55%
finir
54%
bouteille
53%
être
53%
italienne
53%
après
51%
baiser
51%
femme
51%
l'faire
51%
l'Jack
51%
Ou
51%
ta
50%
violé
50%
dis-moi
49%
Dis-moi
49%
rien
49%
J'vois
47%
tout
47%
Jamais
46%
jamais
46%
j'vais
46%
qui
46%
sperme
46%
pareil
44%
SMIC
44%
Son
43%
son
43%
Dieu
41%
meuf
41%
Polak
40%
mes
39%
pute
39%
rap
38%
coup
37%
gosses
37%
tu
37%
j'bosserai
36%
j'la
36%
dois-je
35%
j'lui
35%
J'lui
35%
l'avenir
35%
sec
34%
comme
33%
Golf
33%
retrouvera
33%
concerts
31%
fais
31%
leur
31%
loge
31%
street
31%
suce
31%
casser
30%
est
30%
fois
30%
hein
30%
prochain
30%
c'est
29%
l'arrière
29%
place
29%
qu'une
29%
t'es
29%
toucher
29%
v'là
29%
vres-lè
29%
tire
28%
violets
28%
7R
27%
briser
27%
d'mes
27%
envoie
27%
gamos
27%
l'cou
27%
miss
27%
cheveux
26%
t'auras
26%
legging
25%
m'suce
25%
tchoin
25%
Toute
25%
excité
24%
folle
24%
fous
24%
sale
24%
sera
24%
îles
23%
noche
23%
Pocahontas
23%
soirée
23%
faut
22%
sombre
22%
Toujours
22%
tour
22%
couilles
21%
Eh
21%
j'arrache
21%
j'suis
21%
que
21%
soeur
21%
vitesse
21%
autre
19%
claquer
19%
écoute
19%
92iz
18%
Paname
18%
sommes
18%
tête
18%
bolide
17%
dedans
17%
hey
17%
survêt
17%
j'casse
16%
J'ferme
16%
yeux
16%
j'écoute
15%
J'parle
15%
l'seum
15%
soin
15%
normal
14%
Snap
14%
sons
14%
CLM
13%
J'démarre
13%
Parle
13%
igo
12%
découper
11%
d'rue
11%
sabre
10%
business
9%
l'Aztèque
9%
Suite
9%
Heung-min
8%
Holiday
8%
simple
6%
Aucun quiz correspondant
Distribution des résultats
% des personnes avec chaque résultat
Percentile par nombre de réponses
Votre historique - résultats
Vous n’avez pas pris ce quiz depuis la dernière actualisation